000 00546nam a2200205Ia 4500
005 20230228094653.0
008 131103s9999 xx 000 0 und d
020 _a887600050
040 _aLoreto College
041 _aEnglish
082 _a821.08
_bVAN
100 _aVanier, Jean
245 _aTears of silence
_cJean Vanier; photographs by Donna Moyseuik
260 _aDenville
_bDimension Books
_c1970
300 _a92p.
_b ill.
650 _aEnglish Poetry - Collections
700 _aMoyseuik, Donna
850 _aLCLIB
942 _cBK
999 _c13046
_d63525